UBT Library

The innovator's prescription : (Record no. 43245)

000 -LEADER
fixed length control field 00957cam a2200253 a 4500
001 - CONTROL NUMBER
control field 15494510
005 - DATE AND TIME OF LATEST TRANSACTION
control field 20180223071327.0
008 - FIXED-LENGTH DATA ELEMENTS--GENERAL INFORMATION
fixed length control field 081022s2009 nyua b 001 0 eng
010 ## - LIBRARY OF CONGRESS CONTROL NUMBER
LC control number 2008043957
020 ## - INTERNATIONAL STANDARD BOOK NUMBER
International Standard Book Number 0071592083 (alk. paper)
020 ## - INTERNATIONAL STANDARD BOOK NUMBER
International Standard Book Number 9780071592086 (alk. paper)
035 ## - SYSTEM CONTROL NUMBER
System control number (OCoLC)263604772
040 ## - CATALOGING SOURCE
Original cataloging agency DLC
Transcribing agency DLC
Modifying agency C#P
-- YDXCP
-- BWX
-- CDX
-- IXA
-- DLC
041 ## - LANGUAGE CODE
Language code of text/sound track or separate title eng
080 ## - UNIVERSAL DECIMAL CLASSIFICATION NUMBER
Universal Decimal Classification number 362.1 CHRI
082 00 - DEWEY DECIMAL CLASSIFICATION NUMBER
Classification number 362.1 CHRI
Edition number 22
100 1# - Rafti
Rafti 58
101 ## - Shkurtesa
Shkurtesa BIZ
245 14 - TITLE STATEMENT
Title The innovator's prescription :
Statement of responsibility, etc Clayton M. Christensen ; Jerome H. Grossman & Jason Hwang.
504 ## - BIBLIOGRAPHY, ETC. NOTE
Bibliography, etc Includes bibliographical references and index.
906 ## - LOCAL DATA ELEMENT F, LDF (RLIN)
a 7
b cbc
c orignew
d 1
e ecip
f 20
g y-gencatlg
942 ## - ADDED ENTRY ELEMENTS (KOHA)
Source of classification or shelving scheme
Item type Books
Holdings
Withdrawn status Lost status Source of classification or shelving scheme Damaged status Not for loan Collection code Permanent location Current location Shelving location Date acquired Total Checkouts Full call number Barcode Date last seen Price effective from Koha item type
          Koleksioni i përgjithshem UBT - Lipjan UBT - Lipjan Koleksioni i përgjithshem 02/23/2018   362.1 CHRI 002-2999573 02/23/2018 02/23/2018 Books
UBT Library © 2015-2024. All rights reserved University Education for Business and Technology